000 00599nam a2200229Ia 4500
003 OSt
005 20230509100032.0
008 210423s2012 xx 000 0 und d
020 _a978-81-8094-062-0
040 _cAL
041 _aeng
082 _a541.223 RAMS
100 _aRAMANI (Alex V);STANLEY (Leo A);MANI (C)
_9100297
245 _aStereochemistry
260 _aChennai
_bMJP Publishers
_c2012
300 _axi,222
_bPB
365 _b300
_cINR
650 _aChemistry
_9100298
650 _aPhysical & Theoretical Chemistry
_9100299
906 _aStereochemistry
942 _2ddc
_cBK
999 _c165527
_d165527